Island Countries - Sudden Death - Statistics

General Stats
  • This quiz has been taken 8,299 times
    115 since last reset
  • The average score is 28 of 47
Answers on the Grid
Answers color-coded by a green-red scale on the quiz's grid according to % correct below.
Afghanistan
Albania
Algeria
Andorra
Angola
Antigua and Barbuda
Argentina
Armenia
Austria
Azerbaijan
Bahamas
Bahrain
Bangladesh
Barbados
Belarus
Belgium
Belize
Benin
Bhutan
Bolivia
Bosnia and Herzegovina
Botswana
Brazil
Brunei
Bulgaria
Burkina Faso
Burundi
Cambodia
Cameroon
Canada
Cape Verde
Central African Republic
Chad
Chile
China
Colombia
Comoros
Costa Rica
Croatia
Cuba
Cyprus
Czech Republic
Democratic Republic of the Congo
Denmark
Djibouti
Dominica
Dominican Republic
East Timor
Ecuador
Egypt
El Salvador
Equatorial Guinea
Eritrea
Estonia
Eswatini
Ethiopia
Federated States of Micronesia
Fiji
Finland
France
Gabon
Gambia
Georgia
Germany
Ghana
Greece
Grenada
Guatemala
Guinea
Guinea-Bissau
Guyana
Haiti
Honduras
Hungary
Iceland
India
Indonesia
Iran
Iraq
Ireland
Israel
Italy
Ivory Coast
Jamaica
Japan
Jordan
Kazakhstan
Kenya
Kiribati
Kosovo
Kuwait
Kyrgyzstan
Laos
Latvia
Lebanon
Lesotho
Liberia
Libya
Liechtenstein
Lithuania
Luxembourg
Madagascar
Malawi
Malaysia
Maldives
Mali
Malta
Marshall Islands
Mauritania
Mauritius
Mexico
Moldova
Monaco
Mongolia
Montenegro
Morocco
Mozambique
Myanmar
Namibia
Nauru
Nepal
Netherlands
New Zealand
Nicaragua
Niger
Nigeria
North Korea
North Macedonia
Norway
Oman
Pakistan
Palau
Panama
Papua New Guinea
Paraguay
Peru
Philippines
Poland
Portugal
Qatar
Republic of the Congo
Romania
Russia
Rwanda
Saint Kitts and Nevis
Saint Lucia
Saint Vincent and the Grenadines
Samoa
San Marino
São Tomé and Príncipe
Saudi Arabia
Senegal
Serbia
Seychelles
Sierra Leone
Singapore
Slovakia
Slovenia
Solomon Islands
Somalia
South Africa
South Korea
South Sudan
Spain
Sri Lanka
Sudan
Suriname
Sweden
Switzerland
Syria
Taiwan
Tajikistan
Tanzania
Thailand
Togo
Tonga
Trinidad and Tobago
Tunisia
Turkey
Turkmenistan
Tuvalu
Uganda
Ukraine
United Arab Emirates
United Kingdom
United States
Uruguay
Uzbekistan
Vanuatu
Vatican City
Venezuela
Vietnam
Yemen
Zambia
Zimbabwe
 
Answer Stats
Answer % Correct
Haiti
72%
Solomon Islands
69%
Tonga
69%
Iceland
68%
Kiribati
68%
Dominican Republic
66%
Maldives
65%
Tuvalu
65%
Bahamas
65%
Dominica
65%
Seychelles
65%
Jamaica
63%
São Tomé and Príncipe
63%
Cape Verde
63%
New Zealand
63%
Malta
63%
Philippines
63%
Saint Lucia
63%
Trinidad and Tobago
62%
United Kingdom
62%
Cyprus
62%
Federated States of Micronesia
62%
Saint Kitts and Nevis
62%
Nauru
61%
Samoa
61%
Saint Vincent and the Grenadines
61%
Grenada
61%
Madagascar
61%
Vanuatu
61%
Antigua and Barbuda
59%
Cuba
59%
Sri Lanka
58%
Marshall Islands
58%
Taiwan
58%
Fiji
58%
Barbados
58%
Japan
58%
Palau
56%
Mauritius
56%
Papua New Guinea
56%
Ireland
55%
Comoros
54%
East Timor
52%
Indonesia
52%
Singapore
49%
Brunei
42%
Bahrain
41%
No matching quizzes found
Score Distribution
Percent of People with Each Score
Percentile by Number Answered
Your Score History
You have not taken this quiz since the last reset